[Event "NAYCC U10"]
[Site "Montreal CAN"]
[Date "2010.08.18"]
[Round "5"]
[White "Xiong, Jeffery"]
[Black "Pillai, Kadhir"]
[Result "1-0"]
[WhiteElo "2137"]
[BlackElo "1952"]
[PlyCount "103"]
[EventDate "2010.08.16"]
[EventType "swiss"]
[EventRounds "7"]
[EventCountry "CAN"]

1. e4 e5 2. Nf3 Nf6 3. Nxe5 d6 4. Nf3 Nxe4 5. Nc3 Nxc3 6. dxc3 Be7 7. Be3 O-O
8. Qd2 Nc6 9. Bd3 Ne5 10. Bf4 Nxd3+ 11. Qxd3 Bf6 12. O-O-O a5 13. h4 g6 14. h5
Bf5 15. Qd2 gxh5 16. Rxh5 Bg6 17. Rh2 b5 18. Bg5 b4 19. Rdh1 bxc3 20. bxc3 Rb8
21. Qf4 Bxg5 22. Nxg5 h5 23. Rxh5 Bxh5 24. Rxh5 Qe7 25. Ne4 f6 26. Qf5 Rbe8 27.
Qg6+ Qg7 28. Nxf6+ Rxf6 29. Qxe8+ Qf8 30. Rg5+ Kh8 31. Qxf8+ Rxf8 32. Rxa5 Rxf2
33. g4 Rf4 34. g5 Rc4 35. Kb2 Rc6 36. Rb5 Ra6 37. Kb3 Kg7 38. Rb7 Kg6 39. Rxc7
Kxg5 40. a4 Rb6+ 41. Ka3 Kf4 42. a5 Rb1 43. Ka4 d5 44. a6 Ke5 45. Rc6 d4 46.
Rc5+ Kd6 47. cxd4 Ra1+ 48. Kb5 Rb1+ 49. Ka5 Rb2 50. a7 Rb1 51. Ka6 Ra1+ 52. Ra5
1-0

[Event "NAYCC U10"]
[Site "Montreal CAN"]
[Date "2010.08.18"]
[Round "5"]
[White "Zhang, Evan"]
[Black "Wan, Kevin"]
[Result "1/2-1/2"]
[WhiteElo "1355"]
[BlackElo "1385"]
[PlyCount "51"]
[EventDate "2010.08.16"]
[EventType "swiss"]
[EventRounds "7"]
[EventCountry "CAN"]

1. e4 e5 2. Nf3 Nc6 3. Bc4 Nf6 4. d3 Bc5 5. Nc3 d6 6. Bg5 Be6 7. Bb3 h6 8. Bh4
Qd7 9. Bxf6 gxf6 10. Qd2 f5 11. Nd5 Bxd5 12. Bxd5 fxe4 13. dxe4 O-O-O 14. O-O-O
f6 15. Nh4 Ne7 16. Bf7 Rdf8 17. Ng6 Rxf7 18. Nxh8 Rh7 19. Nf7 Rxf7 20. Qxh6
Bxf2 21. Rhf1 Bb6 22. Kb1 Ng8 23. Qh8 Qd8 24. Rf3 Qf8 25. Rdf1 Qg7 26. Qh3+
1/2-1/2

[Event "NAYCC U10"]
[Site "Montreal CAN"]
[Date "2010.08.18"]
[Round "5"]
[White "Zhang, Jeff"]
[Black "Fan, Run Kun"]
[Result "1/2-1/2"]
[WhiteElo "1107"]
[BlackElo "1174"]
[PlyCount "40"]
[EventDate "2010.08.16"]
[EventType "swiss"]
[EventRounds "7"]
[EventCountry "CAN"]

1. e4 e5 2. Nf3 Nc6 3. Bc4 Nf6 4. d3 Bc5 5. Nc3 d6 6. Bg5 Nd4 7. Nd5 c6 8.
Nxf6+ gxf6 9. Nxd4 Bxd4 10. Qf3 d5 11. Bxf6 Bg4 12. Bxd8 Bxf3 13. gxf3 Rxd8 14.
exd5 Bxb2 15. Rb1 Bc3+ 16. Ke2 cxd5 17. Bb3 b5 18. Rhg1 Ke7 19. Rg5 h6 20. Rh5
Ke6 1/2-1/2

[Event "NAYCC U10"]
[Site "Montreal CAN"]
[Date "2010.08.18"]
[Round "5"]
[White "Zhao, Frederick"]
[Black "Lu, Albert"]
[Result "0-1"]
[WhiteElo "1350"]
[BlackElo "1849"]
[PlyCount "78"]
[EventDate "2010.08.16"]
[EventType "swiss"]
[EventRounds "7"]
[EventCountry "CAN"]

1. e4 e6 2. d4 d5 3. exd5 exd5 4. Nf3 Nf6 5. Nc3 Bd6 6. Bd3 O-O 7. O-O Bg4 8.
h3 Bh5 9. Be3 c6 10. Re1 Re8 11. Be2 Nbd7 12. Qd2 h6 13. Rad1 Qc7 14. Rf1 b5
15. a3 a5 16. Rb1 b4 17. axb4 axb4 18. Nd1 Ne4 19. Qc1 f5 20. c3 b3 21. Re1
Ndf6 22. Rf1 g5 23. Re1 Qe7 24. Kf1 f4 25. Bd2 Bg6 26. Bd3 Qh7 27. Be2 Nxd2+
28. Nxd2 Bxb1 29. Qxb1 Qxb1 30. Nxb1 Ne4 31. Bf3 Ra1 32. Bxe4 dxe4 33. Nd2 e3
34. Nxb3 e2+ 35. Kg1 Rxd1 36. Rxd1 exd1=Q+ 37. Kh2 f3+ 38. g3 Qf1 39. h4 Qg2#
0-1

[Event "NAYCC U10"]
[Site "Montreal CAN"]
[Date "2010.08.18"]
[Round "5"]
[White "Zimmermann, Eric"]
[Black "Ait-Chabane, Adam"]
[Result "1-0"]
[WhiteElo "676"]
[BlackElo "951"]
[PlyCount "83"]
[EventDate "2010.08.16"]
[EventType "swiss"]
[EventRounds "7"]
[EventCountry "CAN"]

1. d4 d5 2. Nc3 Nc6 3. Nf3 Nf6 4. e3 e6 5. Bb5 Bd7 6. O-O Be7 7. Qe1 O-O 8. e4
dxe4 9. Nxe4 Nxe4 10. Qxe4 f5 11. Qe1 a6 12. Bxc6 Bxc6 13. Ne5 Bb5 14. c4 Bd7
15. Be3 b5 16. b3 bxc4 17. bxc4 Bg5 18. Rb1 Bxe3 19. Qxe3 f4 20. Qe4 Rb8 21.
Rxb8 Qxb8 22. Nxd7 Qa8 23. Qxe6+ Rf7 24. Re1 h5 25. Qe8+ Qxe8 26. Rxe8+ Kh7 27.
Ne5 Rf5 28. g4 Rxe5 29. Rxe5 hxg4 30. d5 g3 31. hxg3 fxg3 32. fxg3 Kh6 33. c5
g5 34. d6 cxd6 35. cxd6 Kh5 36. d7 Kh6 37. d8=Q g4 38. Qg5+ Kh7 39. Re6 a5 40.
Qd8 a4 41. Qd7+ Kh8 42. Re8# 1-0

[Event "NAYCC U10"]
[Site "Montreal CAN"]
[Date "2010.08.18"]
[Round "6"]
[White "Aghamalian, Derick"]
[Black "Robichaud, Alexandre"]
[Result "1/2-1/2"]
[WhiteElo "1373"]
[BlackElo "1146"]
[PlyCount "78"]
[EventDate "2010.08.16"]
[EventType "swiss"]
[EventRounds "7"]
[EventCountry "CAN"]

1. e4 e5 2. Nf3 Nc6 3. Bc4 Bc5 4. c3 Nf6 5. d4 exd4 6. cxd4 Bb6 7. e5 Ng4 8.
Ng5 d5 9. exd6 O-O 10. dxc7 Qxd4 11. Qxd4 Nxd4 12. Na3 Bxc7 13. h3 Nf6 14. Bd2
Re8+ 15. Be3 Ne6 16. Nxe6 Bxe6 17. O-O Bxc4 18. Nxc4 Nd5 19. Rae1 Nxe3 20. Rxe3
Rxe3 21. Nxe3 Re8 22. Rd1 Rd8 23. Rc1 Be5 24. b3 g6 25. Rd1 Rxd1+ 26. Nxd1 f5
27. f3 h5 28. Kf2 Kf7 29. Ke3 Ke6 30. Kd3 Kd5 31. Ne3+ Kc5 32. Nc4 Bf6 33. g4
Kb4 34. Kc2 b5 35. Nd6 hxg4 36. hxg4 fxg4 37. fxg4 a6 38. Ne4 Bg7 39. Kb1 a5
1/2-1/2

[Event "NAYCC U10"]
[Site "Montreal CAN"]
[Date "2010.08.18"]
[Round "6"]
[White "Bellissimo, Joseph"]
[Black "Sun, Benjamin"]
[Result "1-0"]
[WhiteElo "1747"]
[BlackElo "1289"]
[PlyCount "123"]
[EventDate "2010.08.16"]
[EventType "swiss"]
[EventRounds "7"]
[EventCountry "CAN"]

1. e4 c5 2. Nf3 Nc6 3. d4 cxd4 4. Nxd4 Nf6 5. Nc3 e6 6. Be3 Bb4 7. Nxc6 bxc6 8.
Bd3 d5 9. exd5 Nxd5 10. Bd2 Nxc3 11. bxc3 Bc5 12. O-O O-O 13. Qh5 g6 14. Qxc5
Qd7 15. Qd4 Qxd4 16. cxd4 Rd8 17. Be3 Bb7 18. Rab1 Rab8 19. Bf4 Rbc8 20. Rxb7
Rxd4 21. Rb8 Rxb8 22. Bxb8 Ra4 23. Be5 Rxa2 24. Ra1 Rxa1+ 25. Bxa1 a5 26. Bd4
Kf8 27. Be4 Ke7 28. Bxc6 Kd6 29. Ba4 Kd5 30. Bb6 Kc4 31. Bxa5 f5 32. Bc7 Kc5
33. Be8 Kd5 34. Bf7 Kc6 35. Bf4 Kd5 36. c4+ Kxc4 37. Bxe6+ Kd4 38. Bg8 Ke4 39.
Bxh7 Kxf4 40. Bxg6 Kg5 41. Bxf5 Kxf5 42. h4 Kg4 43. g3 Kh5 44. f3 Kh6 45. g4
Kg6 46. f4 Kf6 47. h5 Kg7 48. g5 Kf7 49. f5 Kg7 50. Kg2 Kh7 51. f6 Kg8 52. g6
Kh8 53. h6 Kg8 54. g7 Kf7 55. h7 Kxf6 56. h8=Q Ke5 57. Qh4 Kd5 58. g8=Q+ Ke5
59. Qgg5+ Kd6 60. Qhh6+ Kd7 61. Qgg7+ Kd8 62. Qhh8# 1-0

[Event "NAYCC U10"]
[Site "Montreal CAN"]
[Date "2010.08.18"]
[Round "6"]
[White "Birbal, Alec"]
[Black "Fernandez, Jorge Carlo"]
[Result "0-1"]
[WhiteElo "614"]
[BlackElo "544"]
[PlyCount "45"]
[EventDate "2010.08.16"]
[EventType "swiss"]
[EventRounds "7"]
[EventCountry "CAN"]

1. e4 e5 2. Nc3 Nc6 3. Nf3 Bb4 4. a3 Bxc3 5. dxc3 Nf6 6. c4 Nxe4 7. Bd3 Nf6 8.
Bd2 O-O 9. Qc1 Ng4 10. Rf1 Re8 11. Bg5 Nf6 12. Kd1 d6 13. Re1 Bg4 14. Be4 Qc8
15. h3 Bxf3+ 16. Bxf3 Nd4 17. Be4 Nxe4 18. Rxe4 Ne6 19. h4 Nc5 20. Re3 f6 21.
Bf4 exf4 22. Rf3 Qe6 23. Rxf4 0-1

[Event "NAYCC U10"]
[Site "Montreal CAN"]
[Date "2010.08.18"]
[Round "6"]
[White "Fan, Run Kun"]
[Black "Zhao, Frederick"]
[Result "1/2-1/2"]
[WhiteElo "1174"]
[BlackElo "1350"]
[PlyCount "115"]
[EventDate "2010.08.16"]
[EventType "swiss"]
[EventRounds "7"]
[EventCountry "CAN"]

1. e4 e5 2. Nf3 Nc6 3. Bb5 a6 4. Bxc6 dxc6 5. O-O Bd6 6. d4 exd4 7. Nxd4 Ne7 8.
Be3 O-O 9. Nd2 Bd7 10. c3 Ng6 11. f4 Be7 12. Qc2 Re8 13. Rae1 b6 14. N4f3 c5
15. f5 Nf8 16. Bf4 f6 17. h4 Bd6 18. Bxd6 cxd6 19. Qb3+ Kh8 20. Qd5 Qc7 21. Nc4
Bb5 22. Qxd6 Qxd6 23. Nxd6 Bxf1 24. Nxe8 Bxg2 25. Kxg2 Rxe8 26. Kg3 Rd8 27. e5
fxe5 28. Rxe5 Kg8 29. Re7 Rd7 30. Rxd7 Nxd7 31. Kf4 Kf7 32. Ne5+ Nxe5 33. Kxe5
Ke7 34. Kd5 Kd7 35. h5 Ke7 36. Ke5 Kf7 37. a4 b5 38. b4 bxa4 39. bxc5 a3 40. c6
a2 41. c7 a1=Q 42. c8=Q Qe1+ 43. Kd5 Qd2+ 44. Kc4 Qe2+ 45. Kb4 Qb5+ 46. Ka3
Qa5+ 47. Kb3 Qb5+ 48. Ka3 Qe2 49. Qd7+ Kf6 50. Qd6+ Kxf5 51. Qf8+ Kg5 52. Qxg7+
Kxh5 53. Qxh7+ Kg5 54. Qg7+ Kh5 55. Qh7+ Kg5 56. Qg7+ Kf5 57. Qf7+ Kg5 58. Qg7+
1/2-1/2

[Event "NAYCC U10"]
[Site "Montreal CAN"]
[Date "2010.08.18"]
[Round "6"]
[White "Gariaev, Gleb"]
[Black "Zhang, Jeff"]
[Result "0-1"]
[WhiteElo "829"]
[BlackElo "1107"]
[PlyCount "72"]
[EventDate "2010.08.16"]
[EventType "swiss"]
[EventRounds "7"]
[EventCountry "CAN"]

1. e4 c5 2. Nf3 d6 3. Bb5+ Bd7 4. Bxd7+ Qxd7 5. O-O Nf6 6. Nc3 Nc6 7. d3 g6 8.
Bg5 Bg7 9. Bxf6 Bxf6 10. Nd5 Bxb2 11. Rb1 Bg7 12. Ng5 e6 13. Nc3 Bxc3 14. Qf3
Qe7 15. Rb3 Nd4 16. Qg3 Ne2+ 17. Kh1 Nxg3+ 18. hxg3 Qxg5 19. Rxc3 h5 20. Rb3
Qh6 21. Rxb7 h4 22. Kg1 h3 23. Rfb1 hxg2 24. Kxg2 Qh3+ 25. Kf3 g5 26. Rb8+ Rxb8
27. Rxb8+ Ke7 28. Rxh8 Qxh8 29. Ke3 Qd4+ 30. Kf3 f5 31. exf5 exf5 32. Kg2 f4
33. Kh3 f3 34. Kh2 Qh8+ 35. Kg1 Qh3 36. c4 Qg2# 0-1

[Event "NAYCC U10"]
[Site "Montreal CAN"]
[Date "2010.08.18"]
[Round "6"]
[White "Gugel, Brett"]
[Black "Zhang, Evan"]
[Result "1-0"]
[WhiteElo "1352"]
[BlackElo "1355"]
[PlyCount "127"]
[EventDate "2010.08.16"]
[EventType "swiss"]
[EventRounds "7"]
[EventCountry "CAN"]

1. e4 e5 2. Nf3 Nc6 3. Bb5 a6 4. Ba4 Nf6 5. O-O d6 6. Re1 Be7 7. c3 b5 8. Bb3
Bg4 9. d3 O-O 10. Nbd2 Na5 11. Bc2 Qd7 12. Nf1 c6 13. Ng3 Nb7 14. h3 Bxf3 15.
Qxf3 Nd8 16. Nf5 Ne6 17. Qg3 Nh5 18. Qg4 Nf6 19. Qg3 Nh5 20. Qg4 Nhf4 21. Bxf4
exf4 22. Bb3 g6 23. Nd4 Nc5 24. Qxd7 Nxd7 25. Nxc6 Bf6 26. Nd4 Nc5 27. Bc2 Rac8
28. Ne2 b4 29. Rac1 Ne6 30. Bb3 Nc5 31. Bc2 Rfe8 32. cxb4 Ne6 33. Ba4 Rxc1 34.
Rxc1 Rb8 35. b3 Rxb4 36. Rc6 Nd4 37. Rxd6 Be5 38. Rd8+ Kg7 39. Nxd4 Bxd4 40. a3
Bf6 41. Rd5 Rb6 42. Kf1 Bb2 43. Ke2 Bxa3 44. Kf3 Kh6 45. Kxf4 g5+ 46. Kg4 f6
47. Kf3 Bb4 48. g4 a5 49. h4 Re6 50. hxg5+ fxg5 51. Ke3 Kg6 52. f4 gxf4+ 53.
Kxf4 Bd2+ 54. Kf3 h6 55. d4 Rf6+ 56. Rf5 Rd6 57. d5 Bc3 58. Bc6 Bd4 59. e5 Rd8
60. e6 Bc5 61. Rf7 Bb4 62. e7 Bxe7 63. Rxe7 Rb8 64. Ba4 1-0

[Event "NAYCC U10"]
[Site "Montreal CAN"]
[Date "2010.08.18"]
[Round "6"]
[White "Ju, Terrence"]
[Black "Vachon, Charles-Olivier"]
[Result "1-0"]
[WhiteElo "940"]
[BlackElo "722"]
[PlyCount "79"]
[EventDate "2010.08.16"]
[EventType "swiss"]
[EventRounds "7"]
[EventCountry "CAN"]

1. d4 e6 2. c4 d6 3. Nc3 Be7 4. e4 Nf6 5. Nf3 O-O 6. Be2 Bd7 7. O-O Nc6 8. a3
e5 9. d5 Nb8 10. Bg5 h6 11. Bxf6 Bxf6 12. Rc1 c6 13. Qb3 b6 14. dxc6 Bxc6 15.
Rfd1 Bg5 16. Nxg5 Qxg5 17. Rc2 Bd7 18. Rxd6 Bh3 19. Bf1 Nd7 20. Kh1 Bg4 21. h3
Be6 22. Rcd2 Rad8 23. Na4 Rfe8 24. c5 bxc5 25. Nxc5 Nxc5 26. Rxd8 Rxd8 27.
Rxd8+ Kh7 28. Bb5 Nxe4 29. Qd3 Bf5 30. Kg1 Qf4 31. f3 a5 32. fxe4 Bxe4 33.
Qxe4+ Qxe4 34. Bd3 f5 35. Bxe4 fxe4 36. Re8 Kg6 37. Rxe5 Kf6 38. Rxe4 Kf5 39.
Rc4 Ke5 40. Rc5+ 1-0

[Event "NAYCC U10"]
[Site "Montreal CAN"]
[Date "2010.08.18"]
[Round "6"]
[White "Lu, Albert"]
[Black "Wan, Kevin"]
[Result "1/2-1/2"]
[WhiteElo "1849"]
[BlackElo "1385"]
[PlyCount "91"]
[EventDate "2010.08.16"]
[EventType "swiss"]
[EventRounds "7"]
[EventCountry "CAN"]

1. e4 e6 2. d4 d5 3. exd5 exd5 4. Nf3 Bf5 5. Bd3 Bxd3 6. Qxd3 c6 7. O-O Nf6 8.
Bf4 Be7 9. c3 O-O 10. Nbd2 Bd6 11. Bxd6 Qxd6 12. Ne5 Nbd7 13. f4 Qc7 14. Qf5
Rae8 15. Ndf3 g6 16. Qh3 Nxe5 17. fxe5 Ne4 18. Qh6 f6 19. exf6 Rxf6 20. Ne5
Ref8 21. Rf3 Qg7 22. Qe3 Qe7 23. Raf1 Qg7 24. b3 Qe7 25. Ng4 Rxf3 26. gxf3 Qg5
27. Qxg5 Nxg5 28. Kg2 Kg7 29. h4 Ne6 30. Re1 Nf4+ 31. Kg3 Nh5+ 32. Kf2 Nf6 33.
Re7+ Rf7 34. Rxf7+ Kxf7 35. Ke3 Nxg4+ 36. fxg4 h6 37. Kf4 Ke6 38. g5 h5 39. a3
a6 40. a4 a5 41. b4 b6 42. bxa5 bxa5 43. Ke3 Kd6 44. Kf4 Ke6 45. Kg3 Kd6 46.
Kf4 1/2-1/2

[Event "NAYCC U10"]
[Site "Montreal CAN"]
[Date "2010.08.18"]
[Round "6"]
[White "Matlin, Michael"]
[Black "Lachance, Pierre-Alexis"]
[Result "0-1"]
[WhiteElo "419"]
[BlackElo "891"]
[PlyCount "22"]
[EventDate "2010.08.16"]
[EventType "swiss"]
[EventRounds "7"]
[EventCountry "CAN"]

1. e4 e5 2. f4 d6 3. Nf3 Nc6 4. d4 Bg4 5. d5 Bxf3 6. Qxf3 Nd4 7. Qc3 c6 8. Bc4
Qh4+ 9. g3 Qh5 10. Nd2 b5 11. Bb3 Qe2# 0-1

[Event "NAYCC U10"]
[Site "Montreal CAN"]
[Date "2010.08.18"]
[Round "6"]
[White "Pillai, Kadhir"]
[Black "Miyasaka, Matthew"]
[Result "1-0"]
[WhiteElo "1952"]
[BlackElo "1472"]
[PlyCount "71"]
[EventDate "2010.08.16"]
[EventType "swiss"]
[EventRounds "7"]
[EventCountry "CAN"]

1. e4 c5 2. Nf3 d6 3. d4 cxd4 4. Nxd4 Nf6 5. Nc3 g6 6. Be3 Bg7 7. h3 O-O 8. Bc4
Nc6 9. Bb3 Bd7 10. O-O Qc8 11. f4 h5 12. f5 Nxd4 13. Bxd4 Kh8 14. fxg6 fxg6 15.
Qd2 Qc7 16. Nd5 Qd8 17. Qg5 Be8 18. Nf4 e5 19. Ne6 Nxe4 20. Rxf8+ Bxf8 21. Qxd8
Rxd8 22. Bxe5+ dxe5 23. Nxd8 Bc5+ 24. Kh2 Nd6 25. Ne6 Bd4 26. c3 Bf2 27. Rd1
Nf7 28. Nc7 e4 29. Nxe8 Ne5 30. Nf6 e3 31. Ne4 Kg7 32. Nxf2 exf2 33. Rf1 Nd3
34. Bc2 Nxb2 35. Rxf2 Na4 36. Bxa4 1-0

[Event "NAYCC U10"]
[Site "Montreal CAN"]
[Date "2010.08.18"]
[Round "6"]
[White "Saine, Zachary"]
[Black "Tanenbaum, Zachary"]
[Result "0-1"]
[WhiteElo "1120"]
[BlackElo "1684"]
[PlyCount "46"]
[EventDate "2010.08.16"]
[EventType "swiss"]
[EventRounds "7"]
[EventCountry "CAN"]

1. e4 e5 2. Nf3 Nc6 3. Bc4 Nf6 4. Ng5 d5 5. exd5 Nd4 6. O-O h6 7. Nf3 Bg4 8.
Re1 Bd6 9. c3 Nxf3+ 10. gxf3 Bh5 11. d4 e4 12. Bb5+ Kf8 13. Nd2 exf3 14. Ne4
Qc8 15. Nxf6 gxf6 16. Re8+ Qxe8 17. Bxe8 Rg8+ 18. Kh1 Rxe8 19. Bxh6+ Ke7 20.
Qe1+ Kd8 21. Qd2 Re2 22. Qd3 Rxf2 23. Qf5 Rxh2# 0-1

[Event "NAYCC U10"]
[Site "Montreal CAN"]
[Date "2010.08.18"]
[Round "6"]
[White "Vaillant, Charles-Etienne"]
[Black "Satir, Ege Nur"]
[Result "0-1"]
[WhiteElo "1097"]
[BlackElo "1108"]
[PlyCount "85"]
[EventDate "2010.08.16"]
[EventType "swiss"]
[EventRounds "7"]
[EventCountry "CAN"]

1. e4 e5 2. Nf3 Nc6 3. d4 exd4 4. Bc4 h6 5. Nxd4 Nxd4 6. Qxd4 d6 7. Nc3 a6 8.
b3 Be6 9. Bd3 Nf6 10. Bb2 Be7 11. O-O-O O-O 12. Na4 Bd7 13. Kb1 Bxa4 14. Qxa4
Nd7 15. Rhe1 Bf6 16. c3 Re8 17. b4 g6 18. Bc4 b5 19. Bxf7+ Kxf7 20. Qb3+ Kf8
21. Bc1 Kg7 22. Qc2 Rf8 23. Qd2 Bg5 24. Qd4+ Qf6 25. Bxg5 Qxd4 26. Rxd4 hxg5
27. f3 a5 28. Red1 axb4 29. Rxb4 Ra5 30. Rd5 c5 31. Rb2 Kh6 32. Rxd6 Rf7 33.
Re2 Re7 34. Red2 Ne5 35. R6d5 Nc4 36. Rf2 Na3+ 37. Kc1 c4 38. e5 Ra4 39. g3 b4
40. Re2 bxc3 41. e6 Raa7 42. Ree5 Rab7 43. Re2 0-1

[Event "NAYCC U10"]
[Site "Montreal CAN"]
[Date "2010.08.18"]
[Round "6"]
[White "Yang, Eddie"]
[Black "Wang, Eric"]
[Result "1-0"]
[WhiteElo "1054"]
[BlackElo "933"]
[PlyCount "107"]
[EventDate "2010.08.16"]
[EventType "swiss"]
[EventRounds "7"]
[EventCountry "CAN"]

1. d4 d6 2. e4 Nf6 3. Nc3 g6 4. b3 Bg7 5. Bb2 Nbd7 6. Nf3 e5 7. dxe5 dxe5 8.
Be2 c6 9. Qd6 Bf8 10. Qd2 Qc7 11. O-O Nc5 12. Bd3 Bd7 13. Ne2 Bd6 14. Qh6 Rg8
15. Ng3 O-O-O 16. Qd2 Ne6 17. Bc3 Bc5 18. a4 Nd4 19. Bxd4 Bxd4 20. c3 Bc5 21.
b4 Be7 22. c4 Be6 23. Qc3 Rd7 24. b5 Bd6 25. c5 Bxc5 26. Qxc5 Rxd3 27. Nxe5 Nd7
28. Nxd7 Rxd7 29. Qxa7 Qb8 30. Qc5 f5 31. bxc6 Rc7 32. cxb7+ Qxb7 33. Qd6 Bc4
34. Rfc1 fxe4 35. Rxc4 Rxc4 36. Qe6+ Kb8 37. Qxg8+ Rc8 38. Qa2 Qd7 39. Qb3+ Ka8
40. h3 Rb8 41. Qc3 Rc8 42. Qa5+ Qa7 43. Qxa7+ Kxa7 44. Nxe4 Kb6 45. a5+ Ka6 46.
Kh2 Rc4 47. Nf6 Rf4 48. Nxh7 Rxf2 49. Ng5 Rf5 50. Ne4 Rxa5 51. Rxa5+ Kxa5 52.
Nd6 Kb6 53. Nf7 Kc6 54. Ne5+ 1-0

[Event "NAYCC U10"]
[Site "Montreal CAN"]
[Date "2010.08.18"]
[Round "6"]
[White "Zhang, Kevin"]
[Black "Zimmermann, Eric"]
[Result "1-0"]
[WhiteElo "957"]
[BlackElo "676"]
[PlyCount "43"]
[EventDate "2010.08.16"]
[EventType "swiss"]
[EventRounds "7"]
[EventCountry "CAN"]

1. e4 e5 2. Nf3 Nc6 3. Bc4 Nf6 4. Ng5 d5 5. exd5 Nxd5 6. Nxf7 Kxf7 7. Qf3+ Ke8
8. Bxd5 Qe7 9. O-O Nd4 10. Qd3 Bf5 11. Be4 Qe6 12. Bxf5 Nxf5 13. Qh3 Rd8 14.
Re1 Bd6 15. f4 Bc5+ 16. Kh1 Rd5 17. c4 Rd4 18. Rxe5 Rxf4 19. Rxe6+ Ne7 20. g3
Rxc4 21. Nc3 Rxc3 22. dxc3 1-0

[Event "NAYCC U10"]
[Site "Montreal CAN"]
[Date "2010.08.19"]
[Round "7"]
[White "Ait-Chabane, Adam"]
[Black "Wang, Eric"]
[Result "0-1"]
[WhiteElo "951"]
[BlackElo "933"]
[PlyCount "90"]
[EventDate "2010.08.16"]
[EventType "swiss"]
[EventRounds "7"]
[EventCountry "CAN"]

1. e4 d6 2. d4 Nf6 3. Nc3 g6 4. Bg5 Bg7 5. Bxf6 Bxf6 6. Nf3 Nd7 7. e5 dxe5 8.
dxe5 Nxe5 9. Qxd8+ Kxd8 10. Nxe5 Bxe5 11. Rd1+ Bd6 12. Be2 Ke8 13. O-O Kf8 14.
Nb5 Kg7 15. a4 a6 16. Nc3 Be6 17. Ne4 Rhe8 18. Ng5 Bf5 19. Rc1 h6 20. Nf3 Rad8
21. Nd4 Bxh2+ 22. Kxh2 Rxd4 23. b3 Red8 24. c3 Rd2 25. Bf3 b5 26. a5 Be6 27. b4
h5 28. Bb7 R2d6 29. f4 Bd5 30. Bxd5 Rxd5 31. c4 Rf5 32. cxb5 Rxb5 33. Rxc7 Rxb4
34. Rxe7 Rd5 35. Ra1 Rxf4 36. g3 Rff5 37. Re2 Rxa5 38. Rxa5 Rxa5 39. Kh3 Rb5
40. Ra2 a5 41. g4 Kf6 42. gxh5 Rxh5+ 43. Kg4 Ke6 44. Kf4 f5 45. Rxa5 g5+ 0-1

[Event "NAYCC U10"]
[Site "Montreal CAN"]
[Date "2010.08.19"]
[Round "7"]
[White "Lachance, Pierre-Alexis"]
[Black "Fan, Run Kun"]
[Result "0-1"]
[WhiteElo "891"]
[BlackElo "1174"]
[PlyCount "62"]
[EventDate "2010.08.16"]
[EventType "swiss"]
[EventRounds "7"]
[EventCountry "CAN"]

1. e4 e5 2. Nc3 Nf6 3. d3 Bc5 4. g3 d6 5. Be2 O-O 6. Bd2 Nc6 7. Be3 Bxe3 8.
fxe3 a6 9. Qd2 b5 10. Nd5 Nxd5 11. exd5 Ne7 12. e4 f5 13. O-O-O c5 14. dxc6
Nxc6 15. Rf1 Be6 16. Nh3 f4 17. gxf4 Bxh3 18. Rf3 Bg2 19. Qc3 Nd4 20. Rf2 Rc8
21. Rg1 Rxc3 22. bxc3 Nxe2+ 23. Rxe2 Bf3 24. Ree1 Rxf4 25. Rg3 Qh4 26. Reg1 g6
27. Rf1 Be2 28. Rfg1 Rf1+ 29. Rxf1 Bxf1 30. Rg1 Qe1+ 31. Kb2 b4 0-1

[Event "NAYCC U10"]
[Site "Montreal CAN"]
[Date "2010.08.19"]
[Round "7"]
[White "Matlin, Daniel"]
[Black "Matlin, Michael"]
[Result "1/2-1/2"]
[WhiteElo "220"]
[BlackElo "419"]
[PlyCount "36"]
[EventDate "2010.08.16"]
[EventType "swiss"]
[EventRounds "7"]
[EventCountry "CAN"]

1. e4 c6 2. d4 d5 3. exd5 Qxd5 4. Nc3 Qe6+ 5. Be2 g6 6. d5 Qd6 7. Nf3 e6 8. Bc4
Nf6 9. dxe6 Qxd1+ 10. Nxd1 Bxe6 11. Bxe6 fxe6 12. O-O Nbd7 13. Re1 Nc5 14. g3
O-O-O 15. Bd2 Nfe4 16. Bg5 Rd7 17. Ne3 Nxg5 18. Nxg5 Bh6 1/2-1/2

[Event "NAYCC U10"]
[Site "Montreal CAN"]
[Date "2010.08.19"]
[Round "7"]
[White "Miyasaka, Matthew"]
[Black "Zhang, Evan"]
[Result "0-1"]
[WhiteElo "1472"]
[BlackElo "1287"]
[PlyCount "91"]
[EventDate "2010.08.16"]
[EventType "swiss"]
[EventRounds "7"]
[EventCountry "CAN"]

1. e4 e5 2. Nf3 Nc6 3. d4 exd4 4. Nxd4 Bc5 5. Be3 Nxd4 6. Bxd4 Bxd4 7. Qxd4 Qg5
8. Nd2 Ne7 9. Nf3 Nc6 10. Qxd7+ Bxd7 11. Nxg5 Nb4 12. Bd3 h6 13. Nf3 c5 14. a3
Nc6 15. O-O O-O 16. Bb5 a6 17. Bc4 b5 18. Bd5 Rac8 19. Rad1 Bg4 20. h3 Bh5 21.
g4 Bg6 22. Nh4 Bh7 23. f4 Rfe8 24. f5 Ne5 25. Nf3 Nxf3+ 26. Rxf3 Rc7 27. Rfd3
g6 28. f6 g5 29. c3 Bxe4 30. Re3 Rd7 31. Kf2 Re5 32. Ke2 Rexd5 33. Rxe4 Rxd1
34. Re7 R7d6 35. Rc7 R1d2+ 36. Ke1 Rxb2 37. Rc8+ Kh7 38. Rxc5 Rxf6 39. c4 bxc4
40. Rxc4 Re6+ 41. Kd1 Ree2 42. Rc3 Rh2 43. Kc1 Rbf2 44. Rd3 Rf1+ 45. Rd1 Rxd1+
46. Kxd1 0-1

[Event "NAYCC U10"]
[Site "Montreal CAN"]
[Date "2010.08.19"]
[Round "7"]
[White "Pillai, Kadhir"]
[Black "Gugel, Brett"]
[Result "1-0"]
[WhiteElo "1952"]
[BlackElo "1406"]
[PlyCount "77"]
[EventDate "2010.08.16"]
[EventType "swiss"]
[EventRounds "7"]
[EventCountry "CAN"]

1. e4 c5 2. Nf3 d6 3. d4 cxd4 4. Nxd4 Nf6 5. Nc3 a6 6. Be2 e6 7. O-O b5 8. Bf3
Ra7 9. Be3 Rc7 10. Nb3 Nbd7 11. a4 b4 12. Na2 Rc4 13. Nd2 Rc7 14. Nxb4 a5 15.
Na2 Ba6 16. Re1 Rc8 17. Nb3 Ne5 18. Nc3 Bb7 19. Bd4 Nfd7 20. Be2 Nc4 21. Bxc4
Rxc4 22. Qd3 Rb4 23. Na2 Rxa4 24. Qb5 Rxd4 25. Nxd4 Qa8 26. Nc3 Be7 27. Qxa5
Qxa5 28. Rxa5 O-O 29. Ra7 Bc8 30. Nc6 Bf6 31. Nb5 Nb6 32. Nxd6 Bxb2 33. Rb1 Be5
34. Nxe5 Nd7 35. Nxd7 Bxd7 36. Rxd7 e5 37. Rbb7 Ra8 38. g3 Ra2 39. Rd8# 1-0

[Event "NAYCC U10"]
[Site "Montreal CAN"]
[Date "2010.08.19"]
[Round "7"]
[White "Robichaud, Alexandre"]
[Black "Yip, William"]
[Result "1-0"]
[WhiteElo "1222"]
[BlackElo "1515"]
[PlyCount "103"]
[EventDate "2010.08.16"]
[EventType "swiss"]
[EventRounds "7"]
[EventCountry "CAN"]

1. e4 e5 2. Nf3 Nc6 3. Bb5 a6 4. Ba4 Nf6 5. O-O Bc5 6. c3 b5 7. Bc2 d6 8. d4
exd4 9. cxd4 Bb6 10. Bg5 h6 11. Bh4 Qe7 12. Re1 g5 13. Bg3 Bg4 14. e5 Bxf3 15.
Qxf3 d5 16. Qxf6 Qxf6 17. exf6+ Kd7 18. Be5 Bxd4 19. Bxd4 Nxd4 20. Bd3 c5 21.
Re7+ Kd6 22. Nc3 c4 23. Bf1 Nf5 24. Rxf7 Ke6 25. Rc7 Kxf6 26. Nxd5+ Ke6 27. Ne3
Kd6 28. Rb7 Kc6 29. Rf7 Nxe3 30. fxe3 Rad8 31. Rf6+ Kb7 32. Rf2 Rhe8 33. Re2
Rd3 34. e4 Rd4 35. Rae1 b4 36. g3 a5 37. e5 Kc7 38. Re4 Rd2 39. Rxc4+ Kd7 40.
Rc5 a4 41. Bb5+ Ke7 42. Bxe8 Kxe8 43. Rb1 a3 44. bxa3 bxa3 45. Ra1 Re2 46. Ra5
Ke7 47. Rxa3 Rxe5 48. Ra7+ Kf6 49. Rb7 Ra5 50. a3 Ra4 51. Rb4 Ra5 52. a4 1-0

[Event "NAYCC U10"]
[Site "Montreal CAN"]
[Date "2010.08.19"]
[Round "7"]
[White "Satir, Ege Nur"]
[Black "Ju, Terrence"]
[Result "1/2-1/2"]
[WhiteElo "1108"]
[BlackElo "940"]
[PlyCount "50"]
[EventDate "2010.08.16"]
[EventType "swiss"]
[EventRounds "7"]
[EventCountry "CAN"]

1. e4 c5 2. Nf3 d6 3. Bc4 Nf6 4. Nc3 e6 5. a3 g6 6. Bd3 Bg7 7. O-O O-O 8. b3
Nc6 9. Bb2 b6 10. Re1 Ng4 11. h3 Nh6 12. Rb1 Bb7 13. Qc1 Nd4 14. Nxd4 Bxd4 15.
Ne2 Bxb2 16. Qxb2 Qg5 17. Rbd1 d5 18. Ng3 Rfd8 19. exd5 Bxd5 20. Be4 Nf5 21.
Bxd5 Rxd5 22. Nxf5 gxf5 23. Qc3 Rad8 24. d3 h5 25. b4 f4 1/2-1/2